Jacques Cousteau--whales / (Record no. 695)
[ view plain ]
| 000 -LEADER | |
|---|---|
| fixed length control field | 00858pam a2200301 a 4500 |
| 005 - DATE AND TIME OF LATEST TRANSACTION | |
| control field | 20260322212030.0 |
| 008 - FIXED-LENGTH DATA ELEMENTS--GENERAL INFORMATION | |
| fixed length control field | data |
| 010 ## - LIBRARY OF CONGRESS CONTROL NUMBER | |
| LC control number | 88003426 |
| 020 ## - INTERNATIONAL STANDARD BOOK NUMBER | |
| International Standard Book Number | 0810910462 |
| 020 ## - INTERNATIONAL STANDARD BOOK NUMBER | |
| International Standard Book Number | 9780810910461 |
| 040 ## - CATALOGING SOURCE | |
| Original cataloging agency | DLC |
| Transcribing agency | DLC |
| Modifying agency | DLC |
| 041 1# - LANGUAGE CODE | |
| Language code of text/sound track or separate title | engfre |
| 050 00 - LIBRARY OF CONGRESS CALL NUMBER | |
| Classification number | QL737.C4 |
| Item number | C69313 1988 |
| 082 00 - DEWEY DECIMAL CLASSIFICATION NUMBER | |
| Classification number | 599.5/1 |
| Edition information | 19 |
| 092 ## - LOCALLY ASSIGNED DEWEY CALL NUMBER (OCLC) | |
| Classification number | 599.5 C693 1988 |
| 001 - CONTROL NUMBER | |
| control field | data |
| 100 1# - MAIN ENTRY--PERSONAL NAME | |
| Personal name | Cousteau, Jacques Yves. |
| 240 10 - UNIFORM TITLE | |
| Uniform title | Planète des baleines. |
| Language of a work | English |
| 245 10 - TITLE STATEMENT | |
| Title | Jacques Cousteau--whales / |
| Statement of responsibility, etc. | Jacques Yves Cousteau & Yves Paccalet. |
| 260 ## - PUBLICATION, DISTRIBUTION, ETC. | |
| Place of publication, distribution, etc. | New York : |
| Name of publisher, distributor, etc. | H.N. Abrams, |
| Date of publication, distribution, etc. | 1988. |
| 300 ## - PHYSICAL DESCRIPTION | |
| Extent | 280 p. : |
| Other physical details | ill. (chiefly col.) ; |
| Dimensions | 32 cm. |
| 500 ## - GENERAL NOTE | |
| General note | Translation of: La planète des baleines. |
| 500 ## - GENERAL NOTE | |
| General note | Some ill. on lining papers. |
| 500 ## - GENERAL NOTE | |
| General note | Includes index. |
| 504 ## - BIBLIOGRAPHY, ETC. NOTE | |
| Bibliography, etc. note | Bibliography: p. 276-277. |
| 650 #0 - SUBJECT ADDED ENTRY--TOPICAL TERM | |
| Topical term or geographic name entry element | Whales. |
| 700 1# - ADDED ENTRY--PERSONAL NAME | |
| Personal name | Paccalet, Yves. |
| Withdrawn status | Lost status | Damaged status | Not for loan | Home library | Current library | Shelving location | Date acquired | Total checkouts | Full call number | Barcode | Date last seen | Price effective from | Koha item type |
|---|---|---|---|---|---|---|---|---|---|---|---|---|---|
| Centerville | Centerville | General stacks | 22/03/2026 | 599.5/1 19 | BC0010712 | 22/03/2026 | 22/03/2026 | Books |